La capitale asiatique par son code d'aéroport - Statistiques

Statistiques générales
  • Ce quiz a été pris 17 fois
  • Le résultat moyen est 20 sur 43
Statistiques - réponses
Code IATA Ville % Correct
BEY Beyrouth
88%
DOH Doha
88%
BKK Bangkok
82%
HAN Hanoï
82%
KBL Kaboul
82%
MNL Manille
82%
DEL New Delhi
82%
PEK Pékin
82%
SIN Singapour
82%
KUL Kuala Lumpur
76%
TPE Taipei
76%
AMM Amman
71%
EVN Erevan
71%
DAC Dacca
65%
DAM Damas
65%
TBS Tbilissi
59%
VTE Vientiane
59%
DIL Dili
53%
MLE Malé
53%
ISB Islamabad
47%
AUH Abou Dabi
41%
KTM Katmandou
41%
HND Tokyo
41%
BGW Bagdad
35%
MCT Mascate
35%
UBN Oulan-Bator
35%
ICN Séoul
35%
BAH Manama
29%
NYT Naypyidaw
29%
ASB Achgabat
24%
CGK Jakarta
24%
FNJ Pyongyang
24%
RUH Riyad
24%
TAS Tachkent
24%
NQZ Astana
18%
GYD Bakou
18%
BWN Bandar Seri Begawan
18%
BSZ Bichkek
18%
DYU Douchanbé
18%
SAH Sanaa
18%
ESB Ankara
12%
KTI Phnom Penh
12%
IKA Téhéran
12%
Aucun quiz correspondant
Distribution des résultats
% des personnes avec chaque résultat
Percentile par nombre de réponses
Votre historique - résultats
Vous n’avez pas pris ce quiz